000 01030nam a22003137a 4500
003 CHAP
005 20220329140749.0
008 971013s1980 r 00010 d
010 _a57252
011 _a58224
035 _a62379
040 _cCHAP
082 _a574.82
_bS8
100 0 0 _aStaba, E. John
_eed.
_9109363
245 _aPlant tissue culture as a source of biochemicals
260 _aBoca Raton, Fla. :
_bCRC Press,
_c1980
300 _a285 p.
_b; gráfs.
590 _aBATCH-UPD
_b10
_c20130110
_lUCH01
_h0602
590 _aBATCH-UPD
_b10
_c20130410
_lUCH01
_h0244
590 _aBATCH-UPD
_b10
_c20130914
_lUCH01
_h0944
590 _aCONVERSION
_b10
_c20130109
_lUCH01
_h1331
650 1 4 _aCitología e histología vegetales.
_923495
650 1 4 _aCultivo de tejidos.
_930213
650 1 4 _aQuímica vegetal.
_993602
901 _aBK
942 _cLIBRO
949 _a574.82 S8
_bBC
_cLIBRO
_d33724000508438
_eLIBRO
_fc.2
_h63490
_i62379
_si
949 _a574.82 S8
_bBC
_cLIBRO
_d33724000508537
_eLIBRO
_gI.122817
_h62868
_i62379
_si
999 _c57252
_d57252